Un Poco - Ninho - Statistiques

Statistiques générales
  • Ce quiz a été pris 164 fois
  • Le résultat moyen est 326 sur 506
Statistiques - réponses
Réponse % Correct
a
97%
à
97%
p
97%
T
97%
t
97%
J
96%
j
96%
s
96%
l
95%
un
95%
la
94%
d
91%
pas
91%
poco
89%
trahi
89%
aime
88%
c
88%
C
88%
Honda
87%
me
86%
mon
85%
de
84%
le
84%
moto
84%
on
84%
On
84%
sur
84%
ne
83%
Nous
82%
nous
82%
reuf
81%
con
80%
Si
80%
si
80%
es
78%
les
78%
laisse
77%
Ta
77%
ta
77%
deux
74%
je
74%
contacts
72%
tous
72%
baise
70%
eux
70%
est
68%
68%
hess
67%
tout
63%
et
61%
Et
61%
qu
59%
ma
58%
te
58%
mère
54%
tu
52%
une
52%
équipe
49%
sa
49%
va
49%
sœur
48%
en
46%
au
44%
dans
43%
Pour
43%
pour
43%
qui
43%
du
42%
même
42%
10
41%
fait
41%
que
41%
ensemble
39%
moi
39%
monte
39%
piges
39%
poto
38%
prends
38%
des
37%
premier
37%
bonheur
35%
réduire
35%
sang
35%
oim
34%
contre
33%
donc
33%
Donc
33%
merde
33%
Motivés
33%
galères
32%
gère
32%
jamais
32%
liquide
32%
pu
31%
éloigner
30%
inquiète
30%
souhaite
30%
28%
vais
28%
cendres
27%
veine
27%
oit
26%
pleure
26%
aussi
25%
finis
25%
frère
24%
il
24%
ami
23%
Y
23%
y
23%
mêmes
22%
plus
22%
arme
20%
pleures
20%
Quand
20%
guitares
19%
ils
19%
bien
18%
mais
18%
Mais
18%
saute
18%
avec
17%
chtar
17%
sont
17%
pupilles
16%
reviendrai
16%
7
15%
perd
15%
moteur
14%
sautes
14%
feu
13%
ton
13%
bouche
12%
cœur
12%
Dis
11%
dis
11%
lui
10%
peines
10%
rester
10%
carré
9%
carrosserie
9%
guérilla
9%
peux
9%
rabaisserai
9%
respect
9%
Salou
9%
suis
9%
balles
8%
devant
8%
papier
8%
quelques
8%
raconter
8%
story
8%
barillet
6%
calmer
6%
rappelle
6%
séparer
6%
trop
6%
zer
6%
baffes
5%
déconne
5%
Dégainer
5%
était
5%
Ohh
5%
oublie
5%
salées
5%
sales
5%
aurais
4%
époque
4%
manque
4%
mets
4%
trou
4%
comptes
3%
tit
3%
shnek
2%
zéro
2%
armer
1%
fallait
1%
Aucun quiz correspondant
Distribution des résultats
% des personnes avec chaque résultat
Percentile par nombre de réponses
Votre historique - résultats
Vous n’avez pas pris ce quiz